000 00497nam a2200181Ia 4500
008 230917s9999||||xx |||||||||||||| ||und||
020 _cGBP35.99
040 _e235471
_aMAIN
041 _aEnglish
082 _a338.4791 E35M(2)
100 _aEdgell, David L
245 0 _aManaging sustainable tourism: A legacy for the future
250 _a2nd ed.
260 _aLondon
_bRoutledge
_c2016
300 _axii, 251 p.
500 _a2437 21/10/2016 HBD16/739 21/10/2016 Main Budget
942 _cBK
999 _c19609
_d19609